000 00821nam a22002897a 4500
001 BR6010663
003 BR-BrBNA
005 20230928083337.0
007 ta
008 230509b bl.||||| |||| 00| 0 por d
040 _aBR-BrBNA
_bpor
_cBiblioteca Nacional de Agricultura
041 _a(Por)
072 _aH20
_b0210
_b4110
_b3910
_b3575
090 _ 0210 BR6010663
100 1 _aRobbs, C.F.
245 1 _aTratamento de tuberculos sementes de batatinha (Solanum tuberosum)com estreptomicina, visando o controle de doencas bacterianas
260 3 _a[np](Brasil):
_c[nd].
300 _a2 p.
500 _aPublished after 1959
650 _aBATATA
650 _aSEMENTE
650 _aMURCHA BACTERIANA
650 _aBACTERIA
650 _aANTIBIOTICO
909 _a202309
_bLucia
_c55
_dLucia Elande
942 _cBK
999 _c12919
_d12919